Дело о выкупе земельных наделов временнообязанными крестьянами А.Н. и П.П. Бенедиктовых деревни Царева-Займища Карачевского уезд...

Доступно только в Электронных читальных залах Найти на картеНа карте
RUSMARC
00004130nmc2a2200000 x 450
00175f648e8-c15b-4c7f-85af-e6871c2f88e1
00520170913164101.0
100##$a20140328l18721873k l0rusy0189 ca
1010#$arus
102##$aRU
2001#$aДело о выкупе земельных наделов временнообязанными крестьянами А.Н. и П.П. Бенедиктовых деревни Царева-Займища Карачевского уезда Орловской губернии
$j31 августа 1872 г. - 6 марта 1873 г.
251##$cДело
300##$aДело
300##$aОриг. заголовок дела: Дело Бенедиктовых А.Н. и П.П. Орловской губернии Карачевского уезда деревни Царева-Займища. 31 августа 1872 г. - 6 марта 1873 г
801#0$aRU
$bРГИА
$c20140328
$gRCR
801#1$aRU
$bГлавНИВЦ
$c20140328
$2rusmarc
801#2$aRU
$bПБ им. Б.Н. Ельцина
$c20170913
$gRCR
$2rusmarc
850##$aРГИА
852##$aРГИА
$eФедеральное казенное учреждение "Российский государственный исторический архив" (РГИА)
$j1082
937##$hРГИА
$d11021391
$aASBIBLIO_SCAN
462#0$10012327ab3a-0548-404e-b4cb-e37355ac5039
$12001
$a1863-1889 гг.
$1251
$cОпись
$1852
$j26
461#0$10018ef30ad5-ff5c-4840-a721-74c62a200f95
$12001
$aГлавное выкупное учреждение Министерства финансов
$1251
$cФонд
$1852
$j577
215##$a37 л.
$d36,5х26 см
371##$aДокумент не является опубликованным и широко распространяемым
105##$ay###
1222#$ad
5171#$aДело Бенедиктовых А.Н. и П.П. Орловской губернии Карачевского уезда деревни Царева-Займища. 31 августа 1872 г. - 6 марта 1873 г.
035##$a75f648e8-c15b-4c7f-85af-e6871c2f88e1
856##$uhttp://readingroom.main.prlib.ru/item.aspx?id_node=n104574446&mode=full
Формат отображения